Responses for Show #5449 - Thursday, April 24, 2008

Contestants

[<< previous game]

Lance Durbin, a transportation manager originally from Kettle Falls, Washington

Cathy Rosenberg, a schoolteacher from Marlton, New Jersey

Suzanne Cappozzo, a retired educator from Palos Heights, Illinois (whose 1-day cash winnings total $15,199)

[next game >>]

Jeopardy! Round responses

HISTORY OF THE JEWISH PEOPLE
MOVIE TAGLINES
BRAND NAMES
A GAME OF CHESS
THE UNIVERSAL DECLARATION OF HUMAN RIGHTS
"PIE" FLINGING
    $200 16
England

Cathy
    $200 6
[NOTE: The screen did show a semi-colon after the year.]

The Fugitive

Cathy
    $200 1
Vaseline

Suzanne
    $200 21
(Cathy: What is 8?)
(Alex: No.)
(Cathy: Ooh!)
...
(Alex: Eight for each side.)

16

CathyLance
    $200 24
ballot

Suzanne
    $200 11
a copier

Cathy
    $400 17
Reform

Cathy
    $400 7
Jaws 2

Cathy
    $400 2
Nikon

Suzanne
    $400 22
the rook

Cathy
    $400 27
a slave

Suzanne
    $400 12
a centerpiece

Cathy
    $600 18
the World Zionist Congress

Cathy
    $600 8
Erin Brockovich

Lance
    $600 3
(Cathy: What is Lucky?)
[Cathy's response was originally ruled incorrect; the ruling was reversed before the Daily Double as researchers found a Purina Lucky Dog brand marketed in Australia.]

Mighty

CathyLance
    $600 23
the knight

Lance
    $600 28
pay

Cathy
    $600 13
piety

Lance
    $800 19
Tel Aviv

Cathy
    $1,000 9
Titanic

Lance
    $800 4
Fram

Lance
    $800 25
(Alex: [*] for queen.)

Q

Lance
    $800 29
wedlock

Cathy
    $800 14
a rapier

Lance
    $1000 20
(Lance: Uh... [clicks tongue]... who is Begin?)

(Yitzhak) Rabin

SuzanneLance
    $1000 10
Planet of the Apes

Lance
    $1000 5
(Lance: What is Sapporo?)
...
(Alex: Sapporo's the name of the city. [*] is the name of the whiskey. How did I know that?)

Suntory

Lance
Triple Stumper
    $1000 26
the endgame

Triple Stumper
    $1000 30
life & liberty

Cathy
    $1000 15
the Yippies

Cathy

Scores at the first commercial break (after clue 15):

Suzanne Cathy Lance
$600 $2,800 $4,400

Scores at the end of the Jeopardy! Round:

Suzanne Cathy Lance
$2,200 $7,400 $5,000

Double Jeopardy! Round responses

WORLD LITERATURE
LAST NAME'S THE SAME
INNOVATION
"B"EOPLE
BODIES OF WATER
ANTONYMIC
    $400 1
Charlotte Brontë

Suzanne
    $400 15
Denver

Suzanne
    $400 3
the dryer

Suzanne
    $400 11
Bismarck

Lance
    $400 8
the Caribbean Sea

Cathy
    $400 26
dead & alive

Cathy
    $800 2
Steppenwolf

Lance
    $800 16
Hall

Lance
    $800 4
radar

Lance
    $800 12
(Alexander Graham) Bell

Lance
    $800 9
(Lance: What is Lake Erie?)

Lake Michigan

CathyLance
    $800 27
short & stout

Suzanne
    $3,000 21
(Suzanne: Who is... Rasputin?)

Svengali

Suzanne
    $1200 18
James

Cathy
    $1200 5
a jet plane

Cathy
    $1200 13
(Wolf) Blitzer

Suzanne
    $1200 10
the Bay of Bengal

Suzanne
    $1200 28
left & right

Cathy
    $1600 22
Colette

Suzanne
    $1600 19
Kilmer

Cathy
    $1600 6
weather maps

Lance
    $1600 14
(Lance: Who is F. Lee Bailey?)

Melvin Belli

Lance
Triple Stumper
    $1600 24
the Aegean Sea

Cathy
    $1,000 29
(Cathy: Oh, my goodness. What are, um... petty and, uh, felony?)

public & private

Cathy
    $2000 23
John Cheever

Triple Stumper
    $2000 20
Smith

Suzanne
    $2000 7
a strobe light

Lance
    $2000 17
Clive Barker

Lance
    $2000 25
the Caspian Sea

Lance
    $2000 30
crude & refined

Lance

Scores at the end of the Double Jeopardy! Round:

Suzanne Cathy Lance
$7,200 $14,800 $15,800

[wagering suggestions for these scores]

Final Jeopardy! Round responses

STATE CAPITALS
(Alex: This Final today is tough, but gettable, which is what we strive for.)
...
(Alex: "Plains State capital"--we hope that that led you to the right part of the country.)
SuzanneWhat is Pierre, S.D.?
$7,199
CathyWhat is Pierre?
$13,600
LanceWhat is Pierre?
$13,999
Pierre, South Dakota

Final scores:

Suzanne Cathy Lance
$14,399 $28,400 $29,799
3rd place: $1,000 2nd place: $2,000 New champion: $29,799

Game dynamics:

Coryat scores:

Suzanne Cathy Lance
$10,200 $15,800 $15,600
13 R,
1 W
(including 1 DD)
22 R,
2 W
(including 1 DD)
20 R
(including 1 DD),
4 W

Combined Coryat: $41,600

[game clues] [game scores] [suggest correction]

Game tape date: 2008-02-12
The J! Archive is created by fans, for fans. Scraping, republication, monetization, and malicious use prohibited; this site may use cookies and collect identifying information. See terms. The Jeopardy! game show and all elements thereof, including but not limited to copyright and trademark thereto, are the property of Jeopardy Productions, Inc. and are protected under law. This website is not affiliated with, sponsored by, or operated by Jeopardy Productions, Inc. Join the discussion at JBoard.tv.